Statistiques concernant Les Simpson - Vrai ou Faux (5)

Cliquez ici pour prendre le quiz!

Statistiques générales

  • Ce quiz a été pris 51 fois
  • Le résultat moyen est 12 sur 20

Statistiques - réponses

QuestionRéponse% Correct
Homer fait une grève de la faim afin de dénoncer le transfert des Isotopes à AlbuquerqueVrai
83%
La série préférée de Patty et Selma est McGyverVrai
83%
Lorsqu'Homer retourne à la fac, il valide son diplôme du premier coupFaux
81%
Avant que sa mère ne revienne dans sa vie, Abraham avait fait croire à Homer qu'elle était morteVrai
81%
Les œufs d'oiseau que Bart a couvé après avoir tué leur mère chez Nelson contenaient en réalité des lézardsVrai
77%
Maggie sait sifflerVrai
73%
Le billet que Burns a volé à l'État américain vaut 1 trillion de dollarsVrai
71%
Marge a peur de l'avion suite à un accident d'avionFaux
69%
Quand Marge s'est retrouvée avec des implants imposants au niveau de la poitrine, elle venait à la base pour un lavage d'estomacFaux
67%
Lorsque Bart et Lisa se retrouvent dans la même classe, ils se retrouvent en CE2Vrai
67%
Le match de boxe entre Homer et Drederick Tatum a été interrompu par Marge pour sauver HomerFaux
65%
Lors de leur voyage en Italie, les Simpson mangent dans un Burger King devant la Tour de PiseFaux
58%
Dans "Un Tramway nommé Marge", Marge décroche un rôle dans une comédie musicale où elle joue un personnage nommé BlancheVrai
56%
Elon Musk est venu à Springfield car il était en manque d'inspiration pour inventer de nouvelles chosesVrai
48%
Joe Quimby appartient au parti démocrateVrai
46%
En saison 2, Burns a voulu se présenter comme gouverneur pour ne pas avoir à réparer sa centrale en suivant les conseils de SmithersFaux
44%
Quand Homer cache son revolver dans le bac à légumes du réfrigérateur, c'est Maggie qui tombe dessusFaux
44%
Petit Papa Noël et sa copine ont eu 15 chiots suite à leur relationFaux
35%
Suite à une révision de leur taux immobilier, les Simpson doivent mettre leur maison en vente. Elle est rachetée aux enchères par Flanders pour la somme de 100 000 $.Faux
35%
Le séquoia géant a été abattu par les bûcherons car Lisa en est descendu pour passer la nuit auprès de sa familleFaux
29%

Distribution des résultats

Percentile par nombre de réponses

% des personnes avec chaque résultat

Votre développement - résultats

Vous n’avez pas pris ce quiz